Groupes de 7 #2 - Statistiques

Statistiques générales
  • Ce quiz a été pris 31 451 fois
  • Le résultat moyen est 36 sur 56
Statistiques - réponses
Indice Pays % Correct
Jours de la semaine Jeudi
100%
Jours de la semaine Lundi
100%
Jours de la semaine Mardi
100%
Jours de la semaine Mercredi
100%
Jours de la semaine Dimanche
99%
Jours de la semaine Samedi
99%
Jours de la semaine Vendredi
99%
Couleurs de l'arc-en-ciel Bleu
98%
Couleurs de l'arc-en-ciel Jaune
98%
Couleurs de l'arc-en-ciel Rouge
98%
Couleurs de l'arc-en-ciel Vert
98%
Métaux de l'Antiquité Or
97%
Couleurs de l'arc-en-ciel Violet
96%
Couleurs de l'arc-en-ciel Orange
94%
Pays en "-stan" Pakistan
85%
Pays du G7 France
83%
Pays en "-stan" Ouzbékistan
83%
Pays en "-stan" Afghanistan
80%
Pays du G7 Etats-Unis
80%
Pays en "-stan" Kazakhstan
80%
Pays en "-stan" Turkménistan
78%
Pays du G7 Allemagne
77%
Métaux de l'Antiquité Argent
77%
Pays du G7 Royaume-Uni
75%
Arts (classification populaire) Arts visuels
74%
Pays en "-stan" Kirghizistan
70%
Pays en "-stan" Tadjikistan
69%
Arts (classification populaire) Cinéma
68%
Pays du G7 Italie
68%
Pays du G7 Canada
66%
Merveilles du monde Pyramide de Khéops
64%
Pays du G7 Japon
61%
Métaux de l'Antiquité Fer
60%
Arts (classification populaire) Musique
57%
Métaux de l'Antiquité Cuivre
56%
Arts (classification populaire) Arts de la scène
55%
Arts (classification populaire) Sculpture
52%
Départements franciliens (hors Paris) Seine-Saint-Denis
52%
Départements franciliens (hors Paris) Yvelines
49%
Départements franciliens (hors Paris) Seine-et-Marne
46%
Départements franciliens (hors Paris) Essonne
43%
Merveilles du monde Jardins suspendus de Babylone
43%
Couleurs de l'arc-en-ciel Indigo
41%
Départements franciliens (hors Paris) Hauts-de-Seine
40%
Arts (classification populaire) Littérature
39%
Départements franciliens (hors Paris) Val-de-Marne
38%
Merveilles du monde Phare d'Alexandrie
37%
Départements franciliens (hors Paris) Val-d'Oise
37%
Merveilles du monde Colosse de Rhodes
36%
Métaux de l'Antiquité Etain
28%
Merveilles du monde Statue de Zeus à Olympie
28%
Métaux de l'Antiquité Plomb
25%
Merveilles du monde Temple d'Artémis à Ephèse
22%
Arts (classification populaire) Architecture
21%
Merveilles du monde Mausolée d'Halicarnasse
18%
Métaux de l'Antiquité Mercure
14%
Aucun quiz correspondant
Distribution des résultats
% des personnes avec chaque résultat
Percentile par nombre de réponses
Votre historique - résultats
Vous n’avez pas pris ce quiz